Statistics for Flags of Central America

Click here to take the quiz!

General Stats

  • This quiz has been taken 53 times
  • The average score is 7 of 8

Answer Stats

Answer% Correct
Mexico
98%
Belize
92%
Panama
92%
Guatemala
90%
Honduras
90%
Nicaragua
90%
Costa Rica
88%
El Salvador
88%

Score Distribution

Percentile by Number Answered

Percent of People with Each Score

Your Score History

You have not taken this quiz